Quizzes
Events
Quiz Creation
Community
Videos
Private Events
Remove Ads
Sign In
Join for FREE
Feedback
Dark Mode
Quiz Categories
Sports
Geography
Music
Movies
Television
Just For Fun
Miscellaneous
History
Literature
Language
Science
Gaming
Entertainment
Religion
Holiday
For Kids
Quiz Lab
Recent
Popular Today
Quiz Kudos Today
Editor Picks
Curator Picks
Quizzes by...
Day
Popularity
Type
Ratings
Length
Year
Community
Subscriptions
Recent Discussions
Orange Saloon
Badges
Playlists
Quests
Create
Leaderboards
Showdown
Live 5
Trivia Bingo
Activity
Puzzle Library
Sporcle Events
Private Events
Virtual Trivia
Globe League
Become a Host
Pub Owners
SporcleCon
Opinionation
Our Games
Videos
Blog
Mobile Apps
Partnerships
Remove Ads and Go Orange
Feedback
Movies
Disney
Marvel Cinematic Universe
Movie Resume
Movie Titles
Oscar
Actor
Actress
Director
Pixar
Role
Movie Quotes
Movie Characters
Box Office
Nominee
Best Picture
Star Wars
James Bond
Horror Movies
Movies
Disney
Marvel Cinematic Universe
Movie Resume
Movie Titles
Oscar
Actor
Actress
Director
Pixar
Role
Movie Quotes
Movie Characters
Box Office
Nominee
Best Picture
Star Wars
James Bond
Horror Movies
Random Quiz
Search Sporcle
×
Quiz Lab
Quiz Lab
Movies
Quote
Type in answers that appear in a list
Type in answers that appear in a list
Classic
Best Score? Go Orange.
FLICKS OF THE 80's: 1988! Stats
Can you name the FLICKS OF 1988 BY QUOTE?
By
dally64
10m
30 Questions
177 Plays
177 Plays
177 Plays
Comments
Comments
Give Quiz Kudos
Give Quiz Kudos
-
- Ratings
hide this ad
Replay
Link that replays current quiz
Next Quiz
Link to next quiz in quiz playlist
You Got
0%
They Got
Avg Score
28%
Avg Friend Score
Upgrade to see
Score Distribution
Jump to the score distribution portion of the page
Score
0/30
Timer
10:00
0
Plays Today
QUOTE
FILM
% Correct
I wish I were big.
Big
87%
Roger, darling. I want you to know I love you. I've loved you more than any woman's ever loved a rabbit.
Who Framed Roger Rabbit
83.1%
My name is Julius and I am your twin brother.
Twins
63.8%
Your shower shoes have fungus on them. You'll never make it to the bigs with fungus on your shower shoes. Think classy, you'll be classy.
Bull Durham
46.9%
Nice beaver!
The Naked Gun: From the Files of Police Squad!
45.8%
If the syrup is on the table after the pancakes, then it will definitely be too late.
Rain Man
39%
My name is not Flathead. My name is Littlefoot.
The Land Before Time
39%
Tracy Turnblad is a human roach nest.
Hairspray
38.4%
I'm gonna slingin' pizza for the rest of my life
Mystic Pizza
37.9%
I'm feeling a little, ooh, anxious if you know what I mean. It's been about six hundred years after all.
Beetle Juice
33.9%
Why do Chet's kids look at him like he's Zeus and my kids look at me like I'm a rack of lawn tools at Sears?
The Great Outdoors
30.5%
Just tell me you didn't love me when you thought I was a goat herder, and I will never bother you ever again.
Coming To America
29.4%
To call you stupid would be an insult to stupid people. I've known sheep that could outwit you. I've worn dresses with higher IQs!
A Fish Called Wanda
27.1%
We're gonna need champagne for 250 people, and send the stuff that you send to me. Don't send the stuff that I send to other people.
Scrooged
23.7%
Consider this a lesson in street savoir faire from New York's coolest quadruped. Check ya later!
Oliver and Company
22.6%
QUOTE
FILM
% Correct
His real name is Charles Lee Ray and he's been sent down from Heaven by daddy to play with me.
Child's Play
21.5%
Sometimes I sing and dance around the house in my underwear. Doesn't make me Madonna. Never will.
Working Girl
21.5%
Help me, Veronica! The afterlife is so boring! If I have to sing Kum-
bye-
ya one more time...
Heathers
19.2%
I wanted this to be professional. Efficient, adult, cooperative, not a lot to ask.
Die Hard
18.1%
God loves me. I know he loves me. I want him to stop! I make crosses so he'll hate me so he'll find another! I want to crucify every one of his messiahs.
The Last Temptation of Christ
16.4%
Listen again...”A person is guilty of criminal solicitation if he commands, induces, entreats or otherwise persuades another person to commit a felony-
'
The Accused
16.4%
I was jealous. I was so jealous of you I couldn't see straight! You did everything you said you were going to do, everything! And your talent, this incredible talent! I can't even
Beaches
16.4%
Freddy, as a younger man, I was a sculptor, a painter, and a musician. There was just one problem: I wasn't very good. As a matter of fact, I was dreadful.
Dirty Rotten Scoundrels
14.1%
Beer is for breakfast, 'round here, drink or be gone.
Cocktail
13%
Tough guys don't do math. Tough guys fry chicken for a living.
Stand and Deliver
13%
Absolutely, under no condition whatsoever, is anyone in this family to fall in love with that baby!
Willow
12.4%
Like most intellectuals, he's intensely stupid.
Dangerous Liaisons
9.6%
No corpse stinks that much after only 12 hours. Take my word for it. Yes, I am a doctor.
Frantic
9%
And in the end, I realized that I took more than I gave, I was trusted more than I trusted, and I was loved more than I loved
She's Having A Baby
9%
Reap the whirlwind, Brady. Reap it.
Young Guns
7.9%
Quiz Playlist
Details
Report
Send in Message
Add To Playlist
Classic:
Type in answers that appear in a list
Last Updated: Feb 16, 2017
Quiz Scoreboard
CHALLENGE
Sign Up to Join the Scoreboard
Show All
Scores
Hide
Comments
May contain spoilers
Recently Published
An Introduction to Baseball
by treessimontrees
Sports
5m
Movies - When Are They Set?
by FPL_Elf
Movies
5m
Popular People in 1961
by mucciniale
History
6m
More to Explore
Quiz From the Vault
Featured Blog Post
Where Did the Easter Bunny Come From?
hide this ad
You Might Also Like...
Tags
Quote Quiz
1988
By Quote
flick
Today's Top Quizzes in Movies
Browse Movies
hide this ad
Today's Top Quizzes in Quote
Browse Quote
Top Contributed Quizzes in Movies
1
Pick 5 Posters: Directed by Spielberg
2
Multi-Oscar Nominations, One Movie, One Winner
3
12 Movies about Fictional 1960s Events
4
One Thing in Common: Movies
5
Sunday Crossword: Film Score Composers
6
One Thing in Common: Movies II
7
Pick 5 Posters: Lowest-Rated Spielberg
8
Three Word 'H' Movies Match Up
9
Three Word 'T' Movies Match Up
10
7-to-1: Pixar Characters
Explore More
Trending Topics
Marvel
Disney
Harry Potter
Anime
NBA
Kpop
Crossword
NFL
Country
The Office
Song
Puzzle
Pokémon
Soccer
WWE
hide this ad
More By:
dally64
Quiz
Plays
Rating
Category
Featured
Created
FLICKS OF THE 80's: 1989!
305
4.80
Movies
Feb 25, 2010
FLICKS OF THE 90's: 1997!
282
4.50
Movies
Feb 24, 2010
FLICKS OF THE 90's: 1994!
281
5.00
Movies
Feb 24, 2010
FLICKS OF THE 90's: 1990!
227
2.67
Movies
Feb 24, 2010
FLICKS OF THE 90's: 1995!
194
5.00
Movies
Feb 24, 2010
Go to Creator's Profile
Score Distribution
Quiz Creator Spotlight
dally64
Follow
Send a Message
Quizzes Created
-
Created Quiz Play Count
-
More By This Creator
Popular Quizzes Today
1
Find the Countries of Europe - No Outlines Minefield
2
Find the US States - No Outlines Minefield
3
The Countries of the World
4
Popular People in 1961
5
US States
6
1-10 Letter E Words III
7
Find the US States
8
One Thing in Common: World Cities II
More Movies Quizzes
4 Movie Characters, 1 Actress
Curator's Pick
Trending Quizzes
Risky Map Clicking: Least Populous States A-Z
1-10 Letter F Words
1-10 Letter G Words
One Thing in Common: United Kingdom
Risky Map Clicking: Next State Alphabetically
Recently Updated
Leaping Animals
pecheneg
Reality TV Shows (A-Z)
bhenderson79
Rickey Henderson's Hall of Fame Teammates
pecheneg
Champions League XIs: Arsenal
pecheneg
Quick Pick: Celebrities in WWE's Hall of Fame
aduchscher
A-Z Keypad Blitz II
pecheneg
Multiple Oscar Actors
pecheneg
Mystery Phrase Blitz: Oscar 'Best Actors'
pecheneg
F. Scott Fitzgerald Novels
LTH
Pick 3 Villains
ddd62291
Trending Topics
Disney
Anime
NBA
Harry Potter
Kpop
Marvel
Crossword
The Office
Country
Pokémon
Song
WWE
Puzzle
Soccer
NFL
Your Account Isn't Verified!
In order to create a playlist on Sporcle, you need to verify the email address you used during registration. Go to your
Sporcle Settings
to finish the process.
Report this User
Report this user for behavior that violates our
Community Guidelines
.
Details:
Send Report
Go to the Sporcle.com Mobile Site →
Comments